Historiografía, herencias y nuevas aportaciones (Registro nro. 96744)
[ vista simple ]
| 000 -LEADER | |
|---|---|
| fixed length control field | 00910nam a2200217 4500 |
| 005 - DATE AND TIME OF LATEST TRANSACTION | |
| control field | 20180524133058.0 |
| 008 - FIXED-LENGTH DATA ELEMENTS--GENERAL INFORMATION | |
| fixed length control field | 150710b mx ||||| |||| 00| 0 spa d |
| 020 ## - INTERNATIONAL STANDARD BOOK NUMBER | |
| International Standard Book Number | 9685377022 |
| 050 04 - LIBRARY OF CONGRESS CALL NUMBER | |
| Classification number | F1224 |
| Item number | H57 2003 |
| 245 00 - TITLE STATEMENT | |
| Title | Historiografía, herencias y nuevas aportaciones |
| Statement of responsibility, etc | / Boris Berezon, Georgina Calderón, Valentina Cantón, Ariel Arnal, Mario Aguirre Beltrán, (coordinadores) |
| 250 ## - EDITION STATEMENT | |
| Edition statement | 1a ed. |
| 260 ## - PUBLICATION, DISTRIBUTION, ETC. (IMPRINT) | |
| Place of publication, distribution, etc | México : |
| Name of publisher, distributor, etc | Instituto Panamericano de Geografía e Historia : Secretaría de Relaciones Exteriores, México : Correo del Maestro : Ediciones la Vasija, |
| Date of publication, distribution, etc | 2003. |
| 300 ## - PHYSICAL DESCRIPTION | |
| Extent | 371 p. : |
| Other physical details | il. ; |
| Dimensions | 23 cm. |
| 651 #7 - SUBJECT ADDED ENTRY--GEOGRAPHIC NAME | |
| Source of heading or term | LEMB |
| Geographic name | México |
| General subdivision | Historiografía |
| Chronological subdivision | Siglo XX |
| 700 1# - ADDED ENTRY--PERSONAL NAME | |
| Personal name | Berezon, Boris, |
| Relator term | coord. |
| 700 1# - ADDED ENTRY--PERSONAL NAME | |
| Personal name | Calderón, Georgina |
| Relator term | coord. |
| 700 1# - ADDED ENTRY--PERSONAL NAME | |
| Personal name | Cantón, Valentina, |
| Relator term | coord. |
| 700 1# - ADDED ENTRY--PERSONAL NAME | |
| Personal name | Arna, Ariel |
| Relator term | coord. |
| 700 1# - ADDED ENTRY--PERSONAL NAME | |
| Personal name | Aguirre Beltrán, Mario, |
| Relator term | coord. |
| 942 ## - ADDED ENTRY ELEMENTS (KOHA) | |
| Source of classification or shelving scheme | Biblioteca del Cogreso de los Estados Unidos |
| Koha item type | Libro |
| Estado de pérdida | Fuente de clasificación | Estado del daño | No para préstamo | Ubicación permanente | Ubicación actual | Apartado o colección | Fecha de adquisición | Edición | Dependencia de educación superior (DES) | Área del conocimiento | Clasificación | Código de Barras | Date last seen | Número de copia | Tipo de recurso | Nota pública |
|---|---|---|---|---|---|---|---|---|---|---|---|---|---|---|---|---|
| Biblioteca del Cogreso de los Estados Unidos | Biblioteca del Instituto de Investigaciones Históricas | Biblioteca del Instituto de Investigaciones Históricas | General | 10/07/2015 | 1a ed. | Humanidades | Educación y Humanidades | F1224 H57 2003 | IIH000014209 | 10/07/2015 | C:1 | Libro | GENERAL | |||
| Biblioteca del Cogreso de los Estados Unidos | Biblioteca del Instituto de Investigaciones Históricas | Biblioteca del Instituto de Investigaciones Históricas | General | 08/06/2017 | 1a ed. | Humanidades | Ciencias Sociales y Administrativas | F1224 H57 2003 | IIH000017338 | 08/06/2017 | C:2 | Libro | ||||
| Biblioteca del Cogreso de los Estados Unidos | Biblioteca del Instituto de Investigaciones Históricas | Biblioteca del Instituto de Investigaciones Históricas | General | 08/06/2017 | 1a ed. | Humanidades | Ciencias Sociales y Administrativas | F1224 H57 2003 | IIH000017339 | 08/06/2017 | C:3 | Libro |